|
|
|
|
| LEADER |
02129njm a2200385 a 4500 |
| 001 |
001110444 |
| 003 |
CZ BrMZK |
| 005 |
20100827092744.0 |
| 007 |
sd fsngnnmmned |
| 008 |
100813s2010 xr fmn g cze d |
| 028 |
0 |
1 |
|a CRP00026-2
|b Český rozhlas
|
| 040 |
|
|
|a BOA001
|b cze
|
| 041 |
0 |
|
|g cze
|g ger
|g eng
|
| 043 |
|
|
|a e-xr---
|b e-xr-pl
|
| 048 |
|
|
|a oz01
|b vu02
|
| 072 |
|
7 |
|a 784
|x Vokální hudba
|2 Konspekt
|9 9
|
| 080 |
|
|
|a 784.4(=162.3)
|2 MRF
|
| 080 |
|
|
|a (437.317)
|2 MRF
|
| 080 |
|
|
|a (086.76)
|2 MRF
|
| 110 |
2 |
|
|a Konrádyho dudácká muzika
|7 ko2003164740
|
| 245 |
1 |
0 |
|a Hdyž pukl zabečí, každyj si poskočí--
|h [zvukový záznam]
|
| 260 |
|
|
|a Plzeň :
|b Český rozhlas,
|c 2010
|
| 300 |
|
|
|a 1 zvuková deska (64:00) :
|b digital ;
|c 12 cm
|
| 306 |
|
|
|a 010400
|
| 500 |
|
|
|a Kompaktní deska
|
| 500 |
|
|
|a Doprovodný text v pouzdře česky, německy a anglicky
|
| 505 |
0 |
0 |
|t Domažlická polka --
|t Dejte sem židli --
|t Šel zahradník do zahrady --
|t Přeškoda nastokrát --
|t Daleko, široko --
|t Teče voda vod Čerchova --
|t Nade Klenčím --
|t Íčko vám děkuju --
|t Haž pudu z hospody --
|t Já svobodnyj pán --
|t Za tú horú za vysokú --
|t Zelenáky bratří Svačinů --
|t Vokolo Korova --
|t Na prahu stála --
|t Náš kohoutek kokyrýhá --
|t Já bych vás vojáci --
|t Tandle je háječek --
|t Postřekovské jukačky --
|t Muzikanti vy se dobře máte --
|t Zahraj mi matějdl --
|t Jedlinko, jedlinko --
|t Těžko je vod mjilý --
|t Nedávyj Hančičko --
|t Tu kúká, poslúchá --
|t Pí Honzíčku, pí --
|t Chmelíčku, chmeli --
|t Hdo to de k nám --
|t Já by si tě ráda vzela --
|t Jen ty k nám Hondzíčku --
|t Kováři, kováři --
|t Proč vy se mládenci --
|t Loučeníčko --
|t Masopustní polka s vozembouchem
|
| 508 |
|
|
|a Výběr a sestava Věra a Zdeněk Bláhovi
|
| 511 |
0 |
|
|a Konrádyho dudácká mjuzika z Domažlic
|
| 650 |
0 |
7 |
|a české lidové písně
|7 ph128141
|2 czenas
|
| 651 |
|
7 |
|a Chodsko (Česko)
|7 ge128936
|2 czenas
|
| 910 |
2 |
|
|a BOA001
|b CDR-1236.919
|
| 990 |
|
|
|a AV
|
| 991 |
|
|
|b 201008
|
| 996 |
6 |
|
|b 2610445548
|c CDR-1236.919
|l MZK
|r Sklad / do 24 hodin
|n 0
|p p.v.
|w 001138561
|u 000010
|a 1
|e BOA001
|j MZK50
|s P
|